Normal view
MARC view
- Sohail, Marvi
Entry Personal Name
001 - CONTROL NUMBER
- control field: 19233
003 - CONTROL NUMBER IDENTIFIER
- control field: NUST
005 - DATE AND TIME OF LATEST TRANSACTION
- control field: 20190809053059.0
008 - FIXED-LENGTH DATA ELEMENTS
- fixed length control field: 190809|| aca||aabn | a|a d
040 ## - CATALOGING SOURCE
- Original cataloging agency: NUST
- Transcribing agency: NUST
100 ## - HEADING--PERSONAL NAME
- Personal name: Sohail, Marvi
670 ## - SOURCE DATA FOUND
- Source citation: Work cat.: (NUST): Sohail, Marvi, The Impact of Foreign Institutional Ownership on Investment Efficiency /, 2018.
